Tìm hiểu tư tưởng dân chủ của Phan Châu Trinh Thành Công của tổ chức. Sự thỏa mãn của người dưới quyền. sự thăng tiến của người lãnh đạo
Đã lưu trong:
| 主要作者: | |
|---|---|
| 格式: | 圖書 |
| 語言: | English |
| 出版: |
Hà Nội
Khoa học xã hội
1996
|
| 主題: | |
| 標簽: |
添加標簽
沒有標簽, 成為第一個標記此記錄!
|
| Thư viện lưu trữ: | Trung tâm Học liệu Lê Vũ Hùng, Trường Đại học Đồng Tháp |
|---|
| LEADER | 00872pam a22002178a 4500 | ||
|---|---|---|---|
| 001 | 00041943 | ||
| 008 | 170505s1996 ||||||engsd | ||
| 005 | 20180809140803.0 | ||
| 041 | 0 | # | |a Vie |
| 082 | 0 | 4 | |a 959.703 092 |b T310H |
| 100 | 1 | # | |a Đỗ, Thị Hòa Hới |
| 245 | 1 | 0 | |a Tìm hiểu tư tưởng dân chủ của Phan Châu Trinh |b Thành Công của tổ chức. Sự thỏa mãn của người dưới quyền. sự thăng tiến của người lãnh đạo |c Đỗ Thị Hòa Hới |
| 260 | # | # | |b Khoa học xã hội |a Hà Nội |c 1996 |
| 300 | # | # | |a 166 tr |c 24 cm. |
| 653 | # | # | |a Lịch sử |
| 653 | # | # | |a Phan Châu Trinh |
| 653 | # | # | |a Tư tưởng |
| 653 | # | # | |a Việt Nam |
| 852 | # | # | |j KD.0024602 |
| 910 | |d 09/08/2018 | ||
| 980 | # | # | |a Trung tâm Học liệu Lê Vũ Hùng, Trường Đại học Đồng Tháp |